[Event "18. Copenhagen Open (Politiken Cup)"]
[Site "Brondby"]
[Date "1996.??.??"]
[Round "10"]
[White "Lynge, Michael"]
[Black "Pedersen, Henrik Dahl"]
[Result "1-0"]
[WhiteElo "2170"]
[BlackElo "2055"]
[PlyCount "91"]
[EventDate "1996.??.??"]
[EventType "swiss"]
[EventRounds "11"]
[EventCountry "DEN"]
[SourceDate "2004.01.01"]

1. d4 Nf6 2. c4 e6 3. Nc3 Bb4 4. Qc2 O-O 5. a3 Bxc3+ 6. Qxc3 Ne4 7. Qc2 f5 8.
Nf3 b6 9. b4 d6 10. Bb2 Bb7 11. e3 Nd7 12. Bd3 Ng5 13. d5 Nxf3+ 14. gxf3 Ne5
15. O-O-O c5 16. Rhg1 cxb4 17. axb4 Rc8 18. f4 Ng6 19. dxe6 b5 20. Qc3 Qe7 21.
Rg5 Bd5 22. cxd5 Rxc3+ 23. Bxc3 a5 24. Bxf5 Rc8 25. Kd2 Ne5 26. Rg3 Rxc3 27.
Kxc3 Qc7+ 28. Kd2 Nc4+ 29. Ke2 Nb2 30. Rdg1 Qc4+ 31. Kf3 Qxd5+ 32. Be4 Qh5+ 33.
Kg2 a4 34. Rg5 Qe8 35. Kh1 g6 36. f5 Kg7 37. Bd5 Nd3 38. fxg6 Nxf2+ 39. Kg2 h6
40. Rf5 Ng4 41. Rf7+ Kxg6 42. Kf3 h5 43. h3 Qh8 44. hxg4 Qe5 45. Be4+ Kh6 46.
g5+ 1-0

[Event "18. Copenhagen Open (Politiken Cup)"]
[Site "Brondby"]
[Date "1996.??.??"]
[Round "10"]
[White "Matthiesen, Arne"]
[Black "Arduman, Can"]
[Result "1-0"]
[WhiteElo "2255"]
[BlackElo "2410"]
[PlyCount "61"]
[EventDate "1996.??.??"]
[EventType "swiss"]
[EventRounds "11"]
[EventCountry "DEN"]
[SourceDate "2004.01.01"]

1. Nf3 Nf6 2. c4 g6 3. Nc3 Bg7 4. d4 O-O 5. Bg5 d6 6. e3 Nbd7 7. Qc2 h6 8. Bh4
c6 9. Be2 Re8 10. O-O e5 11. dxe5 dxe5 12. Rad1 Qc7 13. b4 a5 14. a3 axb4 15.
axb4 Nf8 16. Bg3 Nh5 17. Nd2 Nxg3 18. hxg3 Be6 19. c5 b6 20. Nc4 bxc5 21. bxc5
Nd7 22. Na4 Bf5 23. e4 Bxe4 24. Qxe4 Rxa4 25. Qc2 Ra7 26. Nd6 Re7 27. Bc4 Nf8
28. f4 exf4 29. Rxf4 Qa5 30. Qf2 Ra8 31. Rxf7 1-0

[Event "18. Copenhagen Open (Politiken Cup)"]
[Site "Brondby"]
[Date "1996.??.??"]
[Round "10"]
[White "Nilsson, Lars"]
[Black "Andersen, Preben"]
[Result "1/2-1/2"]
[WhiteElo "2200"]
[BlackElo "2070"]
[PlyCount "34"]
[EventDate "1996.??.??"]
[EventType "swiss"]
[EventRounds "11"]
[EventCountry "DEN"]
[SourceDate "2004.01.01"]

1. e4 Nf6 2. Nc3 d5 3. exd5 Nxd5 4. Nxd5 Qxd5 5. Nf3 g6 6. Be2 Bg7 7. d4 O-O 8.
O-O c5 9. dxc5 Qxc5 10. Be3 Qc7 11. c3 Nc6 12. Qc1 Rd8 13. Rd1 Rxd1+ 14. Bxd1
Ne5 15. Nxe5 Bxe5 16. h3 Be6 17. Bf3 a6 1/2-1/2

[Event "18. Copenhagen Open (Politiken Cup)"]
[Site "Brondby"]
[Date "1996.??.??"]
[Round "10"]
[White "Olsen, Heini"]
[Black "Clausen, Steen"]
[Result "1/2-1/2"]
[WhiteElo "2325"]
[BlackElo "2255"]
[PlyCount "88"]
[EventDate "1996.??.??"]
[EventType "swiss"]
[EventRounds "11"]
[EventCountry "DEN"]
[SourceDate "2004.01.01"]

1. Nf3 g6 2. d4 Bg7 3. c4 c5 4. e3 Nf6 5. Nc3 O-O 6. Be2 cxd4 7. exd4 d5 8. O-O
dxc4 9. Bxc4 a6 10. a3 b5 11. Bb3 Bb7 12. Re1 Nc6 13. Bf4 Na5 14. Ba2 Rc8 15.
Ne5 Nd5 16. Bd2 Nc4 17. Bxc4 bxc4 18. Ne4 f6 19. Nf3 e5 20. Nc5 Qe7 21. Rc1
Rxc5 22. dxc5 Qxc5 23. Re4 Nc3 24. Bxc3 Bxe4 25. Bb4 Qc6 26. Bxf8 Bxf8 27. Qf1
Bd5 28. Nd2 c3 29. Rxc3 Qb7 30. b4 f5 31. Nb3 e4 32. Nc5 Qg7 33. Qc1 f4 34.
Nxa6 Qe5 35. Rc8 e3 36. fxe3 Qe4 37. Qc2 Qxe3+ 38. Kf1 Qxa3 39. Qc5 Qxa6+ 40.
Kf2 Qa2+ 41. Ke1 Qb1+ 42. Kd2 Qb2+ 43. Kd3 Qb1+ 44. Kd2 Qb2+ 1/2-1/2

[Event "18. Copenhagen Open (Politiken Cup)"]
[Site "Brondby"]
[Date "1996.??.??"]
[Round "10"]
[White "Olsen, Peter Erik"]
[Black "Hyldkrog, Lars"]
[Result "0-1"]
[WhiteElo "2225"]
[BlackElo "2075"]
[PlyCount "66"]
[EventDate "1996.??.??"]
[EventType "swiss"]
[EventRounds "11"]
[EventCountry "DEN"]
[SourceDate "2004.01.01"]

1. d4 Nf6 2. c4 e6 3. Nc3 Bb4 4. Qc2 O-O 5. a3 Bxc3+ 6. Qxc3 b6 7. Bg5 Ba6 8.
e3 d6 9. Bd3 Nbd7 10. Ne2 h6 11. Bh4 c5 12. O-O cxd4 13. Nxd4 Rc8 14. b3 d5 15.
Rfd1 Ne4 16. Bxe4 Qxh4 17. Bd3 Ne5 18. Be2 Rfe8 19. Qb4 dxc4 20. bxc4 Bxc4 21.
Bxc4 Nxc4 22. Nb5 a5 23. Qb3 Red8 24. Nd4 Rd5 25. Rac1 Rdc5 26. h3 Qg5 27. Rb1
Qg6 28. a4 h5 29. Nf3 e5 30. g3 e4 31. Nh4 Qe6 32. Rd4 Qxh3 33. Rxe4 Nd2 0-1

[Event "18. Copenhagen Open (Politiken Cup)"]
[Site "Brondby"]
[Date "1996.??.??"]
[Round "10"]
[White "Pedersen, Daniel Vesterbaek"]
[Black "Lejlic, Samir"]
[Result "0-1"]
[WhiteElo "2250"]
[BlackElo "2420"]
[PlyCount "58"]
[EventDate "1996.??.??"]
[EventType "swiss"]
[EventRounds "11"]
[EventCountry "DEN"]
[SourceDate "2004.01.01"]

1. e4 e5 2. Nf3 Nc6 3. d4 exd4 4. Nxd4 Nf6 5. Nc3 Bb4 6. Nxc6 bxc6 7. Bd3 d5 8.
exd5 cxd5 9. O-O O-O 10. Bg5 c6 11. Qf3 Be7 12. h3 h6 13. Bf4 Be6 14. Rfd1 a5
15. Na4 c5 16. c4 d4 17. Nc3 dxc3 18. Bh7+ Kxh7 19. Rxd8 cxb2 20. Rb1 Raxd8 21.
Rxb2 Bxc4 22. Qc3 Be6 23. Qxa5 Rd1+ 24. Kh2 Nd5 25. Bg3 c4 26. Be5 f6 27. Bg3
c3 28. Re2 Rc8 29. Qa4 Bf5 0-1

[Event "18. Copenhagen Open (Politiken Cup)"]
[Site "Brondby"]
[Date "1996.??.??"]
[Round "10"]
[White "Pedersen, Hans Dahl"]
[Black "Kania, Andreas"]
[Result "1/2-1/2"]
[WhiteElo "2185"]
[BlackElo "2275"]
[PlyCount "125"]
[EventDate "1996.??.??"]
[EventType "swiss"]
[EventRounds "11"]
[EventCountry "DEN"]
[SourceDate "2004.01.01"]

1. e4 e6 2. d3 d5 3. Nd2 Nf6 4. Ngf3 c5 5. g3 Nc6 6. Bg2 Be7 7. O-O O-O 8. e5
Nd7 9. Re1 Re8 10. Nf1 Nf8 11. h4 f6 12. exf6 Bxf6 13. Ne3 Nd4 14. c4 dxc4 15.
dxc4 Bd7 16. Ng4 Nxf3+ 17. Qxf3 Bd4 18. Qxb7 Qa5 19. Bf4 h5 20. Ne5 Rab8 21.
Qe4 Rxb2 22. Be3 Bc3 23. Rf1 Ba4 24. Rac1 Bd2 25. Bxd2 Qxd2 26. Qf3 Re7 27.
Qxh5 Rxa2 28. Be4 Qh6 29. Qf3 Be8 30. Ra1 Rxa1 31. Rxa1 Qf6 32. Qe3 Bg6 33.
Bxg6 Nxg6 34. Re1 Nxe5 35. Qxe5 Qxe5 36. Rxe5 a5 37. Rxc5 Ra7 38. Rb5 a4 39. c5
a3 40. Rb1 Kf7 41. f4 Ke7 42. Kf2 a2 43. Ra1 Ra3 44. Kg2 Kd7 45. h5 Kc6 46. g4
Kxc5 47. g5 Kb4 48. h6 gxh6 49. gxh6 Kb3 50. h7 Ra8 51. Re1 Rh8 52. Re3+ Kb4
53. Re4+ Kc3 54. Re3+ Kd4 55. Ra3 Rxh7 56. Rxa2 Ke3 57. Ra6 Re7 58. Ra3+ Kxf4
59. Kf2 e5 60. Ra4+ e4 61. Ra8 Rf7 62. Re8 Rd7 63. Ke2 1/2-1/2

[Event "18. Copenhagen Open (Politiken Cup)"]
[Site "Brondby"]
[Date "1996.??.??"]
[Round "10"]
[White "Persson, Richard"]
[Black "Madsen, Dag"]
[Result "1/2-1/2"]
[WhiteElo "2140"]
[BlackElo "2325"]
[PlyCount "111"]
[EventDate "1996.??.??"]
[EventType "swiss"]
[EventRounds "11"]
[EventCountry "DEN"]
[SourceDate "2004.01.01"]

1. e4 Nf6 2. Nc3 e5 3. Nf3 Bb4 4. Nxe5 O-O 5. Be2 Re8 6. Nf3 Bxc3 7. dxc3 Nxe4
8. O-O d6 9. h3 Nd7 10. Bc4 Ne5 11. Nxe5 dxe5 12. Qxd8 Rxd8 13. Re1 Nd6 14. Bb3
Re8 15. Bg5 Kf8 16. Rad1 f6 17. Be3 Be6 18. Ba4 Red8 19. Bb3 Bxb3 20. axb3 b6
21. f4 e4 22. g4 g6 23. f5 gxf5 24. Bf4 fxg4 25. hxg4 Kf7 26. Rd4 Rd7 27. Bxd6
Rxd6 28. Rdxe4 Rd7 29. R1e2 Rg8 30. Kf2 Rg5 31. Kf3 f5 32. Rf4 Kf6 33. Rh2 Kg6
34. gxf5+ Rxf5 35. Rg2+ Kf6 36. Rxf5+ Kxf5 37. Rg8 a5 38. Rf8+ Ke6 39. Rh8 Rd2
40. Rxh7 Kd6 41. Rh6+ Kd5 42. Rh5+ Kc6 43. Rh6+ Kb5 44. Rh5+ Ka6 45. Re5 Rxc2
46. Re2 Rxe2 47. Kxe2 Kb5 48. Kd3 c5 49. Ke2 a4 50. bxa4+ Kxa4 51. Kd2 Kb3 52.
Kc1 Ka2 53. Kc2 b5 54. Kc1 Kb3 55. Kb1 b4 56. cxb4 1/2-1/2

[Event "18. Copenhagen Open (Politiken Cup)"]
[Site "Brondby"]
[Date "1996.??.??"]
[Round "10"]
[White "Pyda, Zbigniew"]
[Black "Mortensen, Erling"]
[Result "0-1"]
[WhiteElo "2305"]
[BlackElo "2430"]
[PlyCount "78"]
[EventDate "1996.??.??"]
[EventType "swiss"]
[EventRounds "11"]
[EventCountry "DEN"]
[SourceDate "2004.01.01"]

1. d4 d5 2. c4 e5 3. dxe5 d4 4. Nf3 Nc6 5. g3 f6 6. exf6 Nxf6 7. Bg2 Bf5 8. O-O
Qd7 9. a3 a5 10. Bf4 Bh3 11. e3 Bxg2 12. Kxg2 d3 13. Nc3 Be7 14. Nb5 O-O 15.
Nxc7 Rad8 16. Rb1 Qf5 17. Nh4 Qe4+ 18. Qf3 Qxc4 19. Nf5 Rf7 20. b3 Qe4 21.
Nxe7+ Qxe7 22. Nb5 Ne4 23. Qd1 Qc5 24. a4 g5 25. Bc7 Rdd7 26. f3 Nf6 27. Rc1
Qe7 28. Bb6 Nd5 29. Bc5 d2 30. Bxe7 Nxe3+ 31. Kh3 g4+ 32. Kh4 Nxe7 33. Rc5 Nxd1
34. Rxd1 gxf3 35. Nc3 Nf5+ 36. Kg5 Ne3 37. Kh6 Rd6+ 38. Kg5 Nxd1 39. Nxd1 f2
0-1

[Event "18. Copenhagen Open (Politiken Cup)"]
[Site "Brondby"]
[Date "1996.??.??"]
[Round "10"]
[White "Rasmussen, Peter"]
[Black "Andersson, Christin"]
[Result "1-0"]
[WhiteElo "2285"]
[BlackElo "2040"]
[PlyCount "107"]
[EventDate "1996.??.??"]
[EventType "swiss"]
[EventRounds "11"]
[EventCountry "DEN"]
[SourceDate "2004.01.01"]

1. d4 c5 2. dxc5 e6 3. Nf3 Bxc5 4. c4 Nf6 5. Nc3 Nc6 6. e3 O-O 7. a3 d5 8. b4
Bb6 9. Bb2 a5 10. b5 Ne7 11. Bd3 Ng6 12. O-O Bd7 13. cxd5 exd5 14. Rc1 Bg4 15.
Be2 Bc7 16. Qd4 Bxf3 17. Bxf3 Be5 18. Qa4 Rc8 19. Rfd1 Rc4 20. Qxc4 dxc4 21.
Rxd8 Rxd8 22. Bxb7 Rd2 23. Ba1 Ng4 24. f4 Nxf4 25. exf4 Bxf4 26. h3 Be3+ 27.
Kh1 Nf2+ 28. Kh2 Nd3 29. Rf1 Bf4+ 30. Kg1 Be3+ 31. Kh2 Bf4+ 32. Kh1 Nf2+ 33.
Kg1 Be3 34. Re1 Ng4+ 35. Kh1 Nf2+ 36. Kh2 Bf4+ 37. Kg1 h5 38. Re2 Nd3 39. Rxd2
Bxd2 40. Bf3 Be3+ 41. Kf1 Bd4 42. Bxh5 a4 43. Be2 Ne5 44. Bd1 Nd7 45. Bxa4 Nc5
46. Bc2 Nb7 47. Bb2 Kf8 48. Nd1 Bc5 49. a4 Ke8 50. Bxg7 Kd7 51. h4 Ke7 52. h5
f6 53. Bg6 Nd6 54. h6 1-0

[Event "18. Copenhagen Open (Politiken Cup)"]
[Site "Brondby"]
[Date "1996.??.??"]
[Round "10"]
[White "Schultz Pedersen, Jesper"]
[Black "Guindy, Esmat"]
[Result "1-0"]
[WhiteElo "2215"]
[BlackElo "2060"]
[PlyCount "47"]
[EventDate "1996.??.??"]
[EventType "swiss"]
[EventRounds "11"]
[EventCountry "DEN"]
[SourceDate "2004.01.01"]

1. e4 e6 2. d4 d5 3. e5 c5 4. Qg4 cxd4 5. Nf3 Nc6 6. Bd3 f5 7. Qg3 Qc7 8. O-O
Nge7 9. Re1 Ng6 10. h4 Bb4 11. c3 dxc3 12. bxc3 Bc5 13. h5 Nf8 14. Na3 Qf7 15.
Nb5 a6 16. Ng5 Qe7 17. Nd6+ Bxd6 18. exd6 Qf6 19. Rb1 e5 20. c4 Qxd6 21. cxd5
Qxd5 22. Bb2 Nd7 23. Bxf5 O-O 24. Be6+ 1-0

[Event "18. Copenhagen Open (Politiken Cup)"]
[Site "Brondby"]
[Date "1996.??.??"]
[Round "10"]
[White "Steingrimsson, Hedinn"]
[Black "Hansen, Gunnar West"]
[Result "1-0"]
[WhiteElo "2405"]
[BlackElo "2295"]
[PlyCount "78"]
[EventDate "1996.??.??"]
[EventType "swiss"]
[EventRounds "11"]
[EventCountry "DEN"]
[SourceDate "2004.01.01"]

1. e4 g6 2. d4 Bg7 3. c3 d5 4. Nd2 e5 5. dxe5 dxe4 6. Qe2 Qe7 7. Nxe4 Qxe5 8.
Nf3 Qe7 9. Bg5 f6 10. Bf4 f5 11. Ned2 c6 12. Nc4 Nd7 13. O-O-O Nb6 14. Qd2 Nd5
15. Re1 Be6 16. Ng5 Nxf4 17. Nd6+ Kf8 18. Qxf4 Bh6 19. Nxe6+ Qxe6 20. Qxh6+
Nxh6 21. Rxe6 Ng4 22. f3 Nf6 23. Bc4 Ne8 24. Nxb7 Kg7 25. Rxc6 Nf6 26. Re1 Rhe8
27. Rxe8 Rxe8 28. Re6 Rb8 29. Nd6 a5 30. a3 a4 31. Re7+ Kh6 32. Ra7 Kg5 33. g3
f4 34. Nf7+ Kf5 35. Ra5+ Nd5 36. g4+ Kf6 37. Bxd5 h5 38. g5+ Kg7 39. Ra7 Kf8
1-0

[Event "18. Copenhagen Open (Politiken Cup)"]
[Site "Brondby"]
[Date "1996.??.??"]
[Round "10"]
[White "Strange, Mikkel"]
[Black "Salo, Tapio"]
[Result "0-1"]
[WhiteElo "2245"]
[BlackElo "2310"]
[PlyCount "162"]
[EventDate "1996.??.??"]
[EventType "swiss"]
[EventRounds "11"]
[EventCountry "DEN"]
[SourceDate "2004.01.01"]

1. e4 c6 2. d4 d5 3. Nd2 dxe4 4. Nxe4 Nd7 5. Bc4 Ngf6 6. Ng5 e6 7. Qe2 Nb6 8.
Bb3 h6 9. N5f3 a5 10. a3 a4 11. Ba2 c5 12. c3 Qc7 13. Bd2 Bd6 14. Ne5 O-O 15.
Ngf3 Nbd5 16. g4 cxd4 17. cxd4 b6 18. Rc1 Ba6 19. Bc4 Bxc4 20. Rxc4 Qb7 21. Rg1
b5 22. Rc6 Bxe5 23. Nxe5 Rfc8 24. Rxc8+ Rxc8 25. g5 hxg5 26. Bxg5 Kf8 27. Rg3
Ne7 28. Qf3 Qxf3 29. Rxf3 Nf5 30. Rc3 Rxc3 31. bxc3 Nd5 32. Bd2 Nd6 33. Ke2 f6
34. Nc6 Nc4 35. Kd3 Nxa3 36. Na7 Ke8 37. Bc1 b4 38. c4 Nb6 39. c5 Nbc4 40. Nb5
Kd7 41. f4 Kc6 42. Na7+ Kd5 43. Nc8 e5 44. fxe5 fxe5 45. Ne7+ Ke6 46. Nc6 b3
47. Kc3 exd4+ 48. Nxd4+ Kd5 49. Nxb3 Nb5+ 50. Kb4 axb3 51. Kxb3 Kxc5 52. Kc2
Kd5 53. Kd3 Nbd6 54. Ke2 Ke4 55. Kf2 Kf5 56. Kg3 Ne4+ 57. Kg2 Kg4 58. h3+ Kf5
59. Kh2 Nc3 60. h4 Kg4 61. Bg5 Ne4 62. Bd8 Ne5 63. h5 Kxh5 64. Kh3 Nd3 65. Bc7
Ndf2+ 66. Kg2 Kg4 67. Be5 g6 68. Bd4 Nd3 69. Bb6 Nf4+ 70. Kh2 Kf3 71. Bd8 Nf2
72. Bh4 Ng4+ 73. Kh1 Nd5 74. Kg1 Nh6 75. Bf2 g5 76. Bd4 g4 77. Bf2 Nf5 78. Be1
Nf4 79. Ba5 g3 80. Bb6 Ne3 81. Kh1 Ne2 0-1

[Event "18. Copenhagen Open (Politiken Cup)"]
[Site "Brondby"]
[Date "1996.??.??"]
[Round "10"]
[White "Stuart, E Leslie"]
[Black "Harestad, Hans"]
[Result "0-1"]
[WhiteElo "2050"]
[BlackElo "2145"]
[PlyCount "60"]
[EventDate "1996.??.??"]
[EventType "swiss"]
[EventRounds "11"]
[EventCountry "DEN"]
[SourceDate "2004.01.01"]

1. d4 Nf6 2. c4 g6 3. Nc3 Bg7 4. e4 d6 5. Bg5 O-O 6. f4 c5 7. d5 b5 8. cxb5 Qa5
9. Qd2 a6 10. bxa6 Bxa6 11. Bxa6 Qxa6 12. Nge2 Re8 13. O-O Nbd7 14. Rad1 Rab8
15. e5 dxe5 16. f5 e4 17. Bf4 Rb4 18. fxg6 hxg6 19. h3 Nb6 20. Qc1 Nbxd5 21.
Be5 Nxc3 22. Nxc3 Qe6 23. a3 Rb7 24. Bf4 Rd7 25. Be3 c4 26. Rxd7 Nxd7 27. Ne2
Ne5 28. Nd4 Qd5 29. b3 cxb3 30. Ne2 b2 0-1

[Event "18. Copenhagen Open (Politiken Cup)"]
[Site "Brondby"]
[Date "1996.??.??"]
[Round "10"]
[White "Sobjerg, Erik"]
[Black "Hartung Nielsen, Jens"]
[Result "1/2-1/2"]
[WhiteElo "2320"]
[BlackElo "2260"]
[PlyCount "108"]
[EventDate "1996.??.??"]
[EventType "swiss"]
[EventRounds "11"]
[EventCountry "DEN"]
[SourceDate "2004.01.01"]

1. e4 c5 2. Nf3 d6 3. d4 cxd4 4. Nxd4 Nf6 5. Nc3 g6 6. Be3 Bg7 7. f3 Nc6 8. Qd2
O-O 9. O-O-O d5 10. Kb1 Nxd4 11. e5 Nxf3 12. gxf3 Nh5 13. f4 Bg4 14. Re1 f6 15.
Rg1 fxe5 16. Rxg4 d4 17. fxe5 dxe3 18. Qxe3 Qc8 19. Bh3 Qf5 20. Nd5 Kh8 21. a3
Qf2 22. Nc7 Qxe3 23. Rxe3 Bh6 24. Rd3 Nf4 25. Rf3 Rad8 26. Rg1 Rd2 27. Rgf1
Rxh2 28. Ne6 Nxe6 29. Bxe6 Rxf3 30. Rxf3 Re2 31. Bd5 Rxe5 32. Bxb7 Bg7 33. c4
Re1+ 34. Ka2 Re2 35. Rb3 Rc2 36. Bd5 h5 37. Rb8+ Kh7 38. Kb1 Rd2 39. Rb7 h4 40.
Rxe7 Rxb2+ 41. Kc1 Rf2 42. Rxa7 h3 43. Rf7 Ra2 44. Rf3 h2 45. Rh3+ Bh6+ 46. Kb1
Rf2 47. a4 Kg7 48. a5 Bf4 49. a6 Rf1+ 50. Kc2 Ra1 51. Bb7 Bd6 52. Kb2 Be5+ 53.
Kb3 Bd6 54. c5 Bxc5 1/2-1/2

[Event "18. Copenhagen Open (Politiken Cup)"]
[Site "Brondby"]
[Date "1996.??.??"]
[Round "10"]
[White "Thorfinnsson, Bjorn"]
[Black "Brondum, Eric"]
[Result "1-0"]
[WhiteElo "2060"]
[BlackElo "2270"]
[PlyCount "69"]
[EventDate "1996.??.??"]
[EventType "swiss"]
[EventRounds "11"]
[EventCountry "DEN"]
[SourceDate "2004.01.01"]

1. d4 Nf6 2. c4 g6 3. Nc3 Bg7 4. e4 d6 5. f3 O-O 6. Be3 e5 7. d5 Nh5 8. Bd3 Nf4
9. Qd2 Nxd3+ 10. Qxd3 Bh6 11. Nge2 Nd7 12. O-O Bxe3+ 13. Qxe3 f5 14. Nc1 Nf6
15. Nd3 Bd7 16. c5 Qe7 17. h3 fxe4 18. fxe4 Nh5 19. Rxf8+ Rxf8 20. Rf1 Rxf1+
21. Kxf1 a6 22. b4 Qf6+ 23. Kg1 Nf4 24. Nxf4 exf4 25. Qd3 g5 26. c6 bxc6 27.
dxc6 Be6 28. Nd5 Qa1+ 29. Kh2 Qxa2 30. Nxc7 Bc4 31. Qf3 Be2 32. Qf2 Qb2 33. Nd5
Qe5 34. c7 f3+ 35. g3 1-0

[Event "18. Copenhagen Open (Politiken Cup)"]
[Site "Brondby"]
[Date "1996.??.??"]
[Round "10"]
[White "Tisdall, Jonathan D"]
[Black "Nilssen, John Arni"]
[Result "1-0"]
[WhiteElo "2510"]
[BlackElo "2275"]
[PlyCount "51"]
[EventDate "1996.??.??"]
[EventType "swiss"]
[EventRounds "11"]
[EventCountry "DEN"]
[SourceDate "2004.01.01"]

1. e4 c5 2. c3 d6 3. d4 Nf6 4. Bd3 g6 5. Nf3 Bg7 6. O-O O-O 7. Re1 cxd4 8. cxd4
Nc6 9. h3 e5 10. d5 Ne7 11. Na3 Nh5 12. Nc4 Nf4 13. Bxf4 exf4 14. Qd2 b5 15.
Na5 Bd7 16. Rac1 Qb6 17. b4 Kh8 18. Qxf4 f5 19. Qd2 fxe4 20. Bxe4 Nf5 21. Bxf5
Rxf5 22. Nc6 Rc8 23. Re7 Bxc6 24. Rxc6 Rxc6 25. dxc6 Qxc6 26. Nd4 1-0

[Event "18. Copenhagen Open (Politiken Cup)"]
[Site "Brondby"]
[Date "1996.??.??"]
[Round "10"]
[White "Tukmakov, Vladimir B"]
[Black "Fries Nielsen, Jens Ove"]
[Result "1-0"]
[WhiteElo "2595"]
[BlackElo "2420"]
[PlyCount "78"]
[EventDate "1996.??.??"]
[EventType "swiss"]
[EventRounds "11"]
[EventCountry "DEN"]
[SourceDate "2004.01.01"]

1. d4 d5 2. c4 e6 3. Nf3 c6 4. Qc2 Nf6 5. Bg5 Bb4+ 6. Nbd2 h6 7. Bh4 Nbd7 8. a3
Be7 9. e3 O-O 10. Rc1 a5 11. Be2 Nh5 12. Bxe7 Qxe7 13. O-O Nhf6 14. e4 dxe4 15.
Nxe4 Nxe4 16. Qxe4 c5 17. Rfd1 Ra6 18. Ne5 Rd6 19. Nxd7 Rxd7 20. dxc5 Qxc5 21.
Qe3 b6 22. Rxd7 Bxd7 23. Qd2 Bc6 24. b4 axb4 25. axb4 Qe7 26. Rd1 Qb7 27. Bf1
b5 28. c5 Ra8 29. Qb2 Bd5 30. Ra1 Rxa1 31. Qxa1 Bc6 32. Qd4 Qe7 33. f4 f6 34.
Be2 e5 35. fxe5 fxe5 36. Qg4 Qf6 37. Qc8+ Kh7 38. Bg4 Kg6 39. Bd7 Qh4 1-0

[Event "18. Copenhagen Open (Politiken Cup)"]
[Site "Brondby"]
[Date "1996.??.??"]
[Round "10"]
[White "Tonning, Erik"]
[Black "Nedberg, Benjamin S"]
[Result "1-0"]
[WhiteElo "2220"]
[BlackElo "2100"]
[PlyCount "68"]
[EventDate "1996.??.??"]
[EventType "swiss"]
[EventRounds "11"]
[EventCountry "DEN"]
[SourceDate "2004.01.01"]

1. e4 e6 2. d3 d5 3. Nd2 Nf6 4. Ngf3 b6 5. g3 Bb7 6. Qe2 c5 7. Bg2 Nc6 8. O-O
Qc7 9. c3 O-O-O 10. Re1 h6 11. h4 Ba6 12. e5 Nd7 13. Nf1 Be7 14. b4 cxb4 15.
cxb4 Bxb4 16. Bd2 Kb8 17. Rec1 Qb7 18. Rab1 Bxd2 19. N1xd2 Rc8 20. Rc3 Rc7 21.
Qe3 Ncxe5 22. Nxe5 Rxc3 23. Nxf7 Rf8 24. Qxe6 Qc6 25. Nd6 Rf6 26. Qg8+ Rf8 27.
Qe6 Rf6 28. Qg8+ Bc8 29. Nxc8 Rf8 30. Ne7 Qf6 31. Qxd5 Ne5 32. Qa8+ Kc7 33.
Qxa7+ Kd8 34. Nc6+ Ke8 1-0

[Event "18. Copenhagen Open (Politiken Cup)"]
[Site "Brondby"]
[Date "1996.??.??"]
[Round "10"]
[White "Varberg, Kenneth"]
[Black "Rowson, Jonathan"]
[Result "0-1"]
[WhiteElo "2230"]
[BlackElo "2415"]
[PlyCount "120"]
[EventDate "1996.??.??"]
[EventType "swiss"]
[EventRounds "11"]
[EventCountry "DEN"]
[SourceDate "2004.01.01"]

1. c4 e5 2. Nc3 d6 3. g3 f5 4. d4 Be7 5. dxe5 dxe5 6. Qxd8+ Bxd8 7. e4 Nc6 8.
Bd2 Nf6 9. Bd3 O-O 10. exf5 e4 11. Nxe4 Re8 12. f3 Bxf5 13. O-O-O Nxe4 14. fxe4
Ne5 15. Bc2 Bg4 16. Re1 Nxc4 17. Bc3 Bg5+ 18. Kb1 Nd2+ 19. Ka1 Rad8 20. e5 Be6
21. h4 Bh6 22. Rh2 c5 23. b3 Rf8 24. g4 Bxg4 25. e6 Bxe6 26. Rxe6 Rf1+ 27. Kb2
Rxg1 28. Rxh6 gxh6 29. Bxd2 Rg3 30. Bxh6 b5 31. Rf2 c4 32. bxc4 bxc4 33. Bf4
Rh3 34. Bf5 Rxh4 35. Kc2 Re8 36. Bd7 Re4 37. Rg2+ Kf7 38. Bg5 Rh5 39. Rf2+ Kg7
40. Bf6+ Kg6 41. Bc3 Rc5 42. a4 h5 43. Bb4 Rce5 44. Bc6 Re2+ 45. Rxe2 Rxe2+ 46.
Kc3 h4 47. Bc5 a6 48. a5 h3 49. Kxc4 h2 50. Bf3 Re1 51. Kd5 Kf5 52. Kc6 Ke6 53.
Bd5+ Kf5 54. Bb6 Re4 55. Bxe4+ Kxe4 56. Kb7 h1=Q 57. Kxa6 Kd5 58. Kb7 Kc4+ 59.
Kc7 Kb5 60. Kd6 Qe4 0-1

[Event "18. Copenhagen Open (Politiken Cup)"]
[Site "Brondby"]
[Date "1996.??.??"]
[Round "11"]
[White "Andersen, Ole Bo"]
[Black "Fuglsang, Flemming"]
[Result "0-1"]
[WhiteElo "2110"]
[BlackElo "2285"]
[PlyCount "76"]
[EventDate "1996.??.??"]
[EventType "swiss"]
[EventRounds "11"]
[EventCountry "DEN"]
[SourceDate "2004.01.01"]

1. d4 Nf6 2. c4 c5 3. d5 b5 4. cxb5 a6 5. f3 d6 6. e4 g6 7. Nc3 Bg7 8. Bd3 axb5
9. Nxb5 O-O 10. Ne2 e6 11. Nbc3 exd5 12. exd5 Qb6 13. Bc4 Nbd7 14. Qb3 Qa5 15.
Bd2 Ne5 16. Nb5 Qb6 17. a4 Bb7 18. Nec3 Nxc4 19. Qxc4 Rfe8+ 20. Kf2 Nd7 21. f4
Bd4+ 22. Kg3 Nf6 23. h3 Be3 24. Bxe3 Rxe3+ 25. Kf2 Rxc3 26. Nxc3 Qxb2+ 27. Kf3
Ba6 28. Nb5 Bxb5 29. Qxb5 Qc3+ 30. Kf2 Ne4+ 31. Ke2 Ng3+ 32. Kf2 Nxh1+ 33. Rxh1
Qd4+ 34. Kf3 Rxa4 35. Qb8+ Kg7 36. Qxd6 Ra3+ 37. Kg4 h5+ 38. Kh4 Qf2+ 0-1

[Event "18. Copenhagen Open (Politiken Cup)"]
[Site "Brondby"]
[Date "1996.??.??"]
[Round "11"]
[White "Andersen, Preben"]
[Black "Guglielmi, Riccardo"]
[Result "0-1"]
[WhiteElo "2070"]
[BlackElo "2200"]
[PlyCount "52"]
[EventDate "1996.??.??"]
[EventType "swiss"]
[EventRounds "11"]
[EventCountry "DEN"]
[SourceDate "2004.01.01"]

1. e4 e6 2. d4 d5 3. Nc3 Bb4 4. Nge2 Nf6 5. e5 Nfd7 6. a3 Be7 7. b4 a5 8. b5 c5
9. bxc6 bxc6 10. Na4 Ba6 11. Nf4 Bxf1 12. Kxf1 c5 13. c3 Nc6 14. g3 O-O 15. Kg2
Rb8 16. Qg4 Kh8 17. Be3 Qc7 18. h4 Rb3 19. Nh5 Rg8 20. Nf4 Rgb8 21. h5 Ndxe5
22. dxe5 Nxe5 23. Qe2 d4 24. Ng6+ fxg6 25. hxg6 Qc6+ 26. Kg1 Nf3+ 0-1

[Event "18. Copenhagen Open (Politiken Cup)"]
[Site "Brondby"]
[Date "1996.??.??"]
[Round "11"]
[White "Arduman, Can"]
[Black "Schultz Pedersen, Jesper"]
[Result "0-1"]
[WhiteElo "2410"]
[BlackElo "2215"]
[PlyCount "78"]
[EventDate "1996.??.??"]
[EventType "swiss"]
[EventRounds "11"]
[EventCountry "DEN"]
[SourceDate "2004.01.01"]

1. d4 Nc6 2. Nf3 e6 3. e4 d5 4. e5 Qd7 5. a3 Nge7 6. Bd3 b6 7. O-O Bb7 8. b4
Ng6 9. Re1 Be7 10. Nc3 O-O-O 11. Ne2 Kb8 12. Bd2 f6 13. b5 Ncxe5 14. dxe5 Nxe5
15. Ned4 Nxd3 16. cxd3 e5 17. Rxe5 fxe5 18. Nxe5 Qe8 19. Nec6+ Bxc6 20. Nxc6+
Kb7 21. Nxd8+ Bxd8 22. a4 Rf8 23. Be3 Qe5 24. d4 Qf5 25. a5 Rf7 26. Qd2 h6 27.
Re1 Qd7 28. Qb4 Be7 29. Qa4 Bd6 30. Ra1 Kb8 31. g3 h5 32. Qb3 Rf5 33. h4 Be7
34. axb6 cxb6 35. Bf4+ Bd6 36. Rxa7 Kxa7 37. Qa4+ Kb8 38. Qa6 Qc7 39. Bg5 Qa7
0-1